Measuring Nonuse Damages Using Contingent Valuation : An Experimental Evaluation of Accuracy.

Bibliographic Details
Main Author: Desvousges, William H.
Other Authors: Johnson, F. Reed., Dunford, Richard W., Boyle, Kevin J., Hudson, Sara P., Wilson, K. Nicole.
Format: eBook
Language:English
Published: Research Triangle Park, NC : RTI International / RTI Press, 2010.
Edition:2nd ed.
Series:RTI Press Publication
Subjects:
Online Access:Click to View
LEADER 01736nam a22004213i 4500
001 EBC6824328
003 MiAaPQ
005 20231204023220.0
006 m o d |
007 cr cnu||||||||
008 231204s2010 xx o ||||0 eng d
020 |a 9781934831007  |q (electronic bk.) 
035 |a (MiAaPQ)EBC6824328 
035 |a (Au-PeEL)EBL6824328 
035 |a (OCoLC)1290021732 
040 |a MiAaPQ  |b eng  |e rda  |e pn  |c MiAaPQ  |d MiAaPQ 
100 1 |a Desvousges, William H. 
245 1 0 |a Measuring Nonuse Damages Using Contingent Valuation :  |b An Experimental Evaluation of Accuracy. 
250 |a 2nd ed. 
264 1 |a Research Triangle Park, NC :  |b RTI International / RTI Press,  |c 2010. 
264 4 |c Ã2010. 
300 |a 1 online resource (254 pages) 
336 |a text  |b txt  |2 rdacontent 
337 |a computer  |b c  |2 rdamedia 
338 |a online resource  |b cr  |2 rdacarrier 
490 1 |a RTI Press Publication 
588 |a Description based on publisher supplied metadata and other sources. 
590 |a Electronic reproduction. Ann Arbor, Michigan : ProQuest Ebook Central, 2023. Available via World Wide Web. Access may be limited to ProQuest Ebook Central affiliated libraries.  
655 4 |a Electronic books. 
700 1 |a Johnson, F. Reed. 
700 1 |a Dunford, Richard W. 
700 1 |a Boyle, Kevin J. 
700 1 |a Hudson, Sara P. 
700 1 |a Wilson, K. Nicole. 
776 0 8 |i Print version:  |a Desvousges, William H.  |t Measuring Nonuse Damages Using Contingent Valuation  |d Research Triangle Park, NC : RTI International / RTI Press,c2010 
797 2 |a ProQuest (Firm) 
830 0 |a RTI Press Publication 
856 4 0 |u https://ebookcentral.proquest.com/lib/matrademy/detail.action?docID=6824328  |z Click to View